Insight into bereavement (Record no. 17682)

MARC details
000 -LEADER
fixed length control field 00516nam a22001817a 4500
008 - FIXED-LENGTH DATA ELEMENTS--GENERAL INFORMATION
fixed length control field 190521b xxu||||| |||| 00| 0 eng d
020 ## - INTERNATIONAL STANDARD BOOK NUMBER
International Standard Book Number 1782592334
040 ## - CATALOGING SOURCE
Original cataloging agency KABU
Transcribing agency KABU
050 ## - LIBRARY OF CONGRESS CALL NUMBER
Classification number BL504
Item number .B73 2006 c. 1
100 ## - MAIN ENTRY--PERSONAL NAME
Personal name Bray, Wendy
245 ## - TITLE STATEMENT
Title Insight into bereavement
Statement of responsibility, etc. Wendy Bray and Diana Priest
260 ## - PUBLICATION, DISTRIBUTION, ETC. (IMPRINT)
Place of publication, distribution, etc. Surrey, UK
Name of publisher, distributor, etc. CWR
Date of publication, distribution, etc. 2006
300 ## - PHYSICAL DESCRIPTION
Extent 121 p.
650 ## - SUBJECT ADDED ENTRY--TOPICAL TERM
Topical term or geographic name as entry element Death
General subdivision Religious aspects
650 ## - SUBJECT ADDED ENTRY--TOPICAL TERM
Topical term or geographic name as entry element Bereavement
General subdivision Religious aspects
700 ## - ADDED ENTRY--PERSONAL NAME
Personal name Priest, Diana
942 ## - ADDED ENTRY ELEMENTS (KOHA)
Source of classification or shelving scheme Library of Congress Classification
Koha item type General Collection
Classification part BL504
Holdings
Withdrawn status Lost status Source of classification or shelving scheme Not for loan Home library Current library Date acquired Total Checkouts Full call number Barcode Date last seen Copy number Price effective from Koha item type
    Library of Congress Classification   Kabarak, Main Campus Kabarak, Main Campus 21/05/2019   BL504 .B73 2006 c. 1 023181 02/08/2024 c. 1 21/05/2019 General Collection
Designed with assistance from East African Informatics Ltd